000 00691nam a2200205Ia 4500
003 IN-BaIIA
008 211028s9999 xx 000 0 eng d
020 _a0-08-023435-6
040 _cIIA Library
080 _a084.4:524.318.7
_bPAP-1
100 _aPapadopoulos, Christos
_911065
245 0 _aTrue visual magnitude photographic star atlas
_bvol. I, equatorial stars
_cChristos Papadopoulos
250 _a1st ed.
260 _aOxford
_bPergamon Press
_c1979
300 _a[various pagings.]
650 _aStars -- Magnitudes
_911066
650 _aStars -- Magnitudes -- Atlases
_911067
650 _aStars -- Photovisual magnitude - Atlases
_911068
942 _cBK
999 _c6449
_d6449